L'Université catholique et la recherche d'un nouvel ordre international : rapport thématique /

Guardat en:
Dades bibliogràfiques
Autor corporatiu: Federación Internacional de Universidades Católicas
Format: Llibre
Idioma:francès
Publicat: París, Francia : Federación Internacional de Universidades Católicas, Secretariado Permanente, 1984
Etiquetes: Afegir etiqueta
Sense etiquetes, Sigues el primer a etiquetar aquest registre!

MARC

LEADER 00000nam^a2200000^a^4500
001 000457179
005 20250521000000.0
009 20260310124037.632
037 |a Acervo Xavier Clavigero 
041 |a FRA 
091 |a FCA. 05958 
110 |a Federación Internacional de Universidades Católicas 
245 1 0 |a L'Université catholique et la recherche d'un nouvel ordre international :  |b rapport thématique / 
264 1 |a París, Francia :  |b Federación Internacional de Universidades Católicas, Secretariado Permanente,  |c 1984 
300 |a 133 p. 
336 |a texto  |b txt  |2 rdacontenido 
337 |a sin mediación  |b n  |2 rdamedio 
338 |a volumen  |b nc  |2 rdasoporte 
649 |a XX 
910 |a Fondo Xavier Cacho Vázquez S.J. 
920 |a Impresos - Libros 
930 |a Fondos Especiales 
905 |a 131 
901 |a 0500375563  |b IT2  |c ESP  |i D  |u 20250521 
902 |a https://opac.biblio.iteso.mx/vufind/Record/000457179